Structured Computer Organization (Record no. 7770)

MARC details
000 -LEADER
fixed length control field 00294nam a2200121Ia 4500
008 - FIXED-LENGTH DATA ELEMENTS--GENERAL INFORMATION
fixed length control field 191201s2011 xx 000 0 und d
100 ## - MAIN ENTRY--PERSONAL NAME
Personal name TANENBAUM,Andrew S
245 #0 - TITLE STATEMENT
Title Structured Computer Organization
250 ## - EDITION STATEMENT
Edition statement Rep
260 ## - PUBLICATION, DISTRIBUTION, ETC. (IMPRINT)
Date of publication, distribution, etc 2011
Name of publisher, distributor, etc PHI
Place of publication, distribution, etc NEW DELHI
300 ## - PHYSICAL DESCRIPTION
Extent 777
942 ## - ADDED ENTRY ELEMENTS (KOHA)
Source of classification or shelving scheme Dewey Decimal Classification
Koha item type Text Books
942 ## - ADDED ENTRY ELEMENTS (KOHA)
-- 6
Holdings
Withdrawn status Lost status Source of classification or shelving scheme Damaged status Not for loan Collection code Home library Current library Date acquired Source of acquisition Cost, normal purchase price Bill Number Total Checkouts Full call number Acc. no. / Barcode Date last seen Date last borrowed Actual Cost, discounted price Bill Date Koha item type
    Dewey Decimal Classification     BCA PIET C-LIBRARY PIET C-LIBRARY 07/03/2012 IBH, New Delhi 425.00 4863 1 004.22 TAS BC69 10/02/2022 13/12/2021 265.20 07/03/2012 Text Books
    Dewey Decimal Classification     BCA PIET C-LIBRARY PIET C-LIBRARY 07/03/2012 IBH, New Delhi 425.00 4863   004.22 TAS BC70 04/12/2019   265.20 07/03/2012 Text Books
    Dewey Decimal Classification     BCA PIET C-LIBRARY PIET C-LIBRARY 07/03/2012 IBH, New Delhi 425.00 4863 2 004.22 TAS BC71 07/02/2022 03/01/2022 265.20 07/03/2012 Text Books
    Dewey Decimal Classification     BCA PIET C-LIBRARY PIET C-LIBRARY 07/03/2012 IBH, New Delhi 425.00 4863 1 004.22 TAS BC72 28/12/2021 14/12/2021 265.20 07/03/2012 Text Books
    Dewey Decimal Classification     BCA PIET C-LIBRARY PIET C-LIBRARY 07/03/2012 IBH, New Delhi 425.00 4863 2 004.22 TAS BC73 25/11/2022 11/11/2022 265.20 07/03/2012 Text Books
    Dewey Decimal Classification     BCA PIET C-LIBRARY PIET C-LIBRARY 07/03/2012 IBH, New Delhi 425.00 4863   004.22 TAS BC74 04/12/2019   265.20 07/03/2012 Text Books

Design & Developed by: PIET Central Library
R70 Miles Stone Pattikalyana Samalkha Panipat 132102
mail ID :- [email protected], Phone No:- 0180-2569700 Ex.216